<?xml version="1.0" encoding="UTF-8"?>
<record
    xmlns:xsi="http://www.w3.org/2001/XMLSchema-instance"
    xsi:schemaLocation="http://www.loc.gov/MARC21/slim http://www.loc.gov/standards/marcxml/schema/MARC21slim.xsd"
    xmlns="http://www.loc.gov/MARC21/slim">

  <leader>01162aab a2200193 i 4500</leader>
  <controlfield tag="001">768714001</controlfield>
  <controlfield tag="003">CO-MdFUSB</controlfield>
  <controlfield tag="005">20240326162602.0</controlfield>
  <controlfield tag="008">240326t        |||||||| |||| 00| 0 spa d</controlfield>
  <datafield tag="040" ind1=" " ind2=" ">
    <subfield code="b">spa</subfield>
    <subfield code="c">CO-MdFUSB</subfield>
  </datafield>
  <datafield tag="041" ind1=" " ind2=" ">
    <subfield code="a">spa</subfield>
  </datafield>
  <datafield tag="100" ind1="1" ind2=" ">
    <subfield code="a">Costas, Orlando E. (1941-1987)</subfield>
    <subfield code="e">autor</subfield>
  </datafield>
  <datafield tag="245" ind1="1" ind2="0">
    <subfield code="a">Mi itinerario teol&#xF3;gico</subfield>
    <subfield code="c">/ Orlando E. Costas</subfield>
  </datafield>
  <datafield tag="300" ind1=" " ind2=" ">
    <subfield code="a">Volumen 7, n&#xFA;mero 1 (marzo, 1988), p&#xE1;ginas: 6 - 16</subfield>
    <subfield code="c">; 27 cm</subfield>
  </datafield>
  <datafield tag="520" ind1=" " ind2=" ">
    <subfield code="a">Mi itinerario teol&#xF3;gico es la historia de mi peregrinaje  espiritual.
Refleja una crisis continua de identidad y una lucha incansable por dar coherencia a la realidad de pertenecer a dos mundos pr&#xE1;cticamente opuestos. 
Gracias al evangelio, que da un lugar privilegiado a los pobres, despose&#xED;dos y oprimidos, y a la experiencia com&#xFA;n de marginaci&#xF3;n tanto de los pueblos latinoamericanos como de la minor&#xED;a hispana en EE.UU. he podido descubrir una convergencia socio-hist&#xF3;rica, teol&#xF3;gica y misional entre los dos lados de las Am&#xE9;ricas.</subfield>
  </datafield>
  <datafield tag="653" ind1=" " ind2=" ">
    <subfield code="a">Itinerario teol&#xF3;gico</subfield>
  </datafield>
  <datafield tag="773" ind1="0" ind2=" ">
    <subfield code="t">Iglesia y Misi&#xF3;n</subfield>
    <subfield code="0">49402</subfield>
    <subfield code="9">59672</subfield>
    <subfield code="g">Volumen 7, n&#xFA;mero 1 (marzo, 1988), p&#xE1;ginas: 6 - 16</subfield>
    <subfield code="q">p&#xE1;ginas: 6</subfield>
  </datafield>
  <datafield tag="942" ind1=" " ind2=" ">
    <subfield code="c">ANA</subfield>
  </datafield>
  <datafield tag="999" ind1=" " ind2=" ">
    <subfield code="c">51747</subfield>
    <subfield code="d">51747</subfield>
  </datafield>
</record>
